Early stage construction price forecasting (Record no. 93114)

MARC details
000 -LEADER
fixed length control field 00767cam a2200265 4500
008 - FIXED-LENGTH DATA ELEMENTS--GENERAL INFORMATION
fixed length control field 090401t1991 xxu||||| |||| 00| 0 eng d
020 ## - INTERNATIONAL STANDARD BOOK NUMBER
International Standard Book Number 0854064869
035 ## - SYSTEM CONTROL NUMBER
System control number (Sirsi) u52599
041 0# - LANGUAGE CODE
Language code of text/sound track or separate title eng
050 04 - LIBRARY OF CONGRESS CALL NUMBER
Classification number 692.5 $2 18
090 ## - LOCALLY ASSIGNED LC-TYPE CALL NUMBER (OCLC); LOCAL CALL NUMBER (RLIN)
Classification number (OCLC) (R) ; Classification number, CALL (RLIN) (NR) RICS 1991/11ABCD
100 1# - MAIN ENTRY--PERSONAL NAME
Personal name Skitmore, Martin
245 00 - TITLE STATEMENT
Title Early stage construction price forecasting
Remainder of title a review of performance
260 ## - PUBLICATION, DISTRIBUTION, ETC.
Place of publication, distribution, etc. London
Name of publisher, distributor, etc. RICS Books
Date of publication, distribution, etc. 1991
300 ## - PHYSICAL DESCRIPTION
Extent 28p.
Dimensions 30cm.
350 ## - PRICE (NR) (BK AM CF MU VM SE) [OBSOLETE]
Price 6.95
490 #0 - SERIES STATEMENT
Series statement RICS Occasional Paper
520 ## - SUMMARY, ETC.
Summary, etc. Under review 1 August 2006.
651 #4 - SUBJECT ADDED ENTRY--GEOGRAPHIC NAME
Geographic name United Kingdom
Chronological subdivision
690 ## - LOCAL SUBJECT ADDED ENTRY--TOPICAL TERM (OCLC, RLIN)
Topical term or geographic name as entry element Quantity surveying
9 (RLIN) 6263
710 2# - ADDED ENTRY--CORPORATE NAME
Corporate name or jurisdiction name as entry element Royal Institution of Chartered Surveyors
Subordinate unit Quantity Surveyors' Division
9 (RLIN) 1263
942 ## - ADDED ENTRY ELEMENTS (KOHA)
Suppress in OPAC 0
948 ## - LOCAL PROCESSING INFORMATION (OCLC); SERIES PART DESIGNATOR (RLIN)
c (OCLC) 04/03/1997
Holdings
Withdrawn status Lost status Source of classification or shelving scheme Damaged status Not for loan Home library Current library Shelving location Date acquired Cost, normal purchase price Total Checkouts Full call number Barcode Date last seen Copy number Cost, replacement price Price effective from Koha item type Date last checked out
    Dewey Decimal Classification     London London RICS Boxes 19/08/1991 6.95   RICS 1991/11 30005347 06/08/2019 1 6.95 06/08/2019 Reference material  
    Dewey Decimal Classification     London London RICS Boxes 19/08/1991 6.95 1 RICS 1991/11 30005348 06/08/2019 2 6.95 06/08/2019 Book 06/12/2000
    Dewey Decimal Classification     London London RICS Boxes 19/08/1991 6.95 1 RICS 1991/11 30005349 06/08/2019 3 6.95 06/08/2019 Book 19/07/2005
    Dewey Decimal Classification     London London RICS Boxes 14/09/1999 6.95 2 RICS 1991/11 30022613 06/08/2019 4 6.95 06/08/2019 Archive 16/11/1999